01177nam a2200301Ia 4500001001200000003000800012006001900020007001500039008004100054020001800095020001500113040002100128035002100149050002300170100002100193245009100214246005100305260004800356300002600404504005300430533015200483650002600635650002300661655002900684710001700713856012600730999001900856ebr10251422CaPaEBRm u cr cn|||||||||071027s2008 enkab sb 001 0 eng d z9781841501901 z1841501905 aCaPaEBRcCaPaEBR a(OCoLC)64676369214aDD881b.M36 2008eb1 aManghani, Sunil.10aImage critique & the fall of the Berlin Wallh[electronic resource] /cSunil Manghani.3 aImage critique and the fall of the Berlin Wall aBristol, UK ;aChicago :bIntellect,c2008. a230 p. :bill., maps. aIncludes bibliographical references and indexes. aElectronic reproduction.bPalo Alto, Calif. :cebrary,d2009.nAvailable via World Wide Web.nAccess may be limited to ebrary affiliated libraries. 0aVisual communication. 0aImage (Philosophy) 7aElectronic books.2local2 aebrary, Inc.40uhttp://site.ebrary.com/lib/rucke/Doc?id=10251422zAn electronic book accessible through the World Wide Web; click to view c150050d150050